[Event "25th ch-EUR Indiv 2025"]
[Site "Eforie Nord ROU"]
[Date "2025.03.25"]
[Round "10.2"]
[White "Yuffa, D."]
[Black "Tari, A."]
[Result "1-0"]
[WhiteElo "2654"]
[BlackElo "2621"]
[PlyCount "117"]
[EventDate "2025.03.15"]

1. Nf3 d5 2. c4 d4 3. b4 c5 4. Bb2 Nf6 5. g3 a5 6. b5 Qc7 ({RR} 6... Nbd7 7. Bg2 e5 8. O-O Bd6 9. d3 O-O 10. a4 Ra7 11. Nbd2 Re8 12. e3 b6 13. Nh4 Nf8 14. Bc6 Bd7 15. Bxd7 Rxd7 16. e4 Ng6 17. Ng2 Rf8 18. f4 exf4 19. gxf4 Ne8 20. Rf3 Nh4 21. Nxh4 {So,W (2760)-Anand,V (2757) Bucharest 2019 ½-½ (48)}) 7. d3 $146 ({RR} 7. Bg2 e5 8. d3 Bd6 9. Nbd2 h6 10. e3 Be6 11. Qe2 Nbd7 12. a4 dxe3 13. Qxe3 O-O 14. O-O Rfe8 15. Rfe1 Rad8 16. Nh4 Bf8 17. h3 b6 18. Ra3 Bd6 19. Qf3 Nf8 20. Nf5 Bxf5 21. Qxf5 Ne6 {Campos Gomez,M (2323)-Talibov,S (2431) Petrovac MNE 2025 ½-½ (38)}) ({RR} 7. Bg2 e5 8. O-O Bd6 9. d3 a4 10. e3 O-O 11. e4 Be6 12. Bc1 h6 13. Nbd2 Nbd7 14. h3 Nb6 15. Nh4 Rfe8 16. Nf5 Bf8 17. g4 g6 18. Ng3 Bg7 19. Qe2 Rf8 20. Nf3 Ne8 21. Nh2 Nd6 {Mekhitarian,K (2562)-Grischuk,A (2687) chess.com INT 2025 0-1 (64)}) 7... e5 8. e3 Bd6 9. Qe2 O-O 10. e4 Re8 11. Nbd2 Nbd7 12. Bh3 Nf8 13. Bxc8 Qxc8 14. a4 Ne6 15. O-O-O g6 16. Rdf1 Nh5 17. Kb1 f6 18. Nh4 b6 19. Ndf3 Ra7 20. Bc1 Rf7 21. h3 Nhg7 22. Bh6 Qd8 23. Ng2 Kf8 24. Nd2 Kg8 25. f4 exf4 26. Bxg7 Nxg7 27. Nxf4 Nf5 28. Rhg1 Ne3 29. Rf3 Bxf4 30. gxf4 Rg7 31. Rxe3 dxe3 32. Qxe3 Rd7 33. Kc2 Qe7 34. Nb1 Red8 35. Rd1 f5 36. e5 Rd4 37. Nc3 Kf7 38. Qf3 Qe6 39. Ne2 R4d7 40. Nc3 Rd4 41. Ne2 R4d7 42. h4 h5 43. Qc6 Ke7 44. Kc3 Rc8 45. Qxe6+ Kxe6 46. d4 cxd4+ 47. Nxd4+ Ke7 48. Nc6+ Ke6 49. Rg1 Rg7 50. c5 Kd5 51. cxb6 Rb7 52. Rd1+ Ke4 53. Rd8 Rxd8 54. Nxd8 Rd7 55. Nc6 Kd5 56. Nxa5 g5 57. fxg5 Rd8 58. Nc6 Rd7 59. e6 1-0

[Event "25th ch-EUR Indiv 2025"]
[Site "Eforie Nord ROU"]
[Date "2025.03.25"]
[Round "10.21"]
[White "Svane, R."]
[Black "Can, Isik"]
[Result "1-0"]
[WhiteElo "2627"]
[BlackElo "2539"]
[PlyCount "67"]
[EventDate "2025.03.15"]

1. Nf3 c5 2. c4 Nf6 3. b3 d5 4. cxd5 Nxd5 5. Bb2 Nc6 6. Nc3 e5 7. e3 ({RR} 7. Qb1 Be7 8. e3 Be6 9. Bb5 f6 10. O-O Nxc3 11. dxc3 Qc7 12. Rd1 O-O 13. Bd3 f5 14. e4 f4 15. Bb5 Bf6 16. Bxc6 Qxc6 17. c4 Qc7 18. Bc3 Rae8 19. Qb2 Bf7 20. Rd3 Re7 21. Rad1 Bg6 {Carlsen,M (2852)-Erigaisi,A (2701) chess.com INT 2023 1-0 (50)}) 7... Nxc3 8. dxc3 Qc7 ({RR} 8... Bf5 9. Qxd8+ Rxd8 10. Bb5 f6 11. Nd2 e4 12. O-O-O Rc8 13. Bc4 Ne5 14. Bd5 Nd3+ 15. Kc2 Nxf2 16. Rdf1 Ng4 17. Nc4 b5 18. Rxf5 bxc4 19. Re1 g6 20. Rff1 f5 21. h3 Ne5 22. g4 fxg4 23. hxg4 {Mao,F (2094)-Antipov,M (2594) Charlotte USA 2025 0-1 (60)}) 9. Bc4 $146 ({RR} 9. Qc2 Be7 10. Bd3 Be6 11. O-O O-O-O 12. Rfd1 g6 13. Be4 f6 14. c4 Nb4 15. Qe2 Rxd1+ 16. Rxd1 Rd8 17. a3 Rxd1+ 18. Qxd1 Nc6 19. Bd5 Qd7 20. e4 Bf8 21. Bc3 Nd4 22. Bxd4 {½-½ (22) Jimenez Garcia,E (2365)-Berdayes Ason,D (2463) Merida MEX 2024}) ({RR} 9. Qc2 Be7 10. Bd3 Be6 11. O-O O-O-O 12. Rfd1 g6 13. Be4 f6 14. c4 Nb4 15. Qe2 Rxd1+ 16. Rxd1 Rd8 17. a3 Rxd1+ 18. Qxd1 Nc6 19. Bd5 Qd7 20. e4 Bf8 21. Bc3 Nd4 22. Bxd4 {½-½ (22) Jimenez Garcia,E (2365)-Berdayes Ason,D (2463) Merida MEX 2024}) 9... Be7 10. e4 O-O 11. O-O a6 12. Qe2 b5 13. Bd5 Bf6 14. Ba3 Be7 15. Qe3 Qb6 16. Bxc6 Qxc6 17. Nxe5 Qe6 18. Nd3 Bb7 19. Bxc5 Qxe4 20. Qxe4 Bxe4 21. Bxe7 Bxd3 22. Bxf8 Bxf1 23. Kxf1 Kxf8 24. Ke2 Re8+ 25. Kd2 Rd8+ 26. Kc2 Re8 27. Rd1 Re2+ 28. Rd2 Re1 29. c4 b4 30. Kd3 Rg1 31. c5 Ke7 32. Kc4 Rxg2 33. c6 Rg1 34. Kc5 1-0

[Event "25th ch-EUR Indiv 2025"]
[Site "Eforie Nord ROU"]
[Date "2025.03.26"]
[Round "11.16"]
[White "Van Foreest, Jorden"]
[Black "Gavrilescu, David"]
[Result "1-0"]
[WhiteElo "2676"]
[BlackElo "2549"]
[PlyCount "69"]
[EventDate "2025.03.15"]

1. Nf3 d5 2. g3 Nf6 3. Bg2 e6 4. O-O Be7 5. d4 O-O 6. c4 dxc4 7. Qc2 b5 8. a4 Bb7 9. axb5 a6 10. Nc3 axb5 11. Rxa8 Bxa8 12. Nxb5 Bd5 13. Bf4 c5 14. dxc5 Qa5 15. Nc3 Qxc5 16. Ra1 ({RR} 16. Rc1 Nc6 17. Nxd5 exd5 18. b3 Nb4 19. Qd1 Na2 20. Rc2 Nb4 21. Rc1 Na2 22. Rc2 Nb4 23. Rc1 {½-½ (23) Ding,L (2799)-Nakamura,H (2736) Chess.com INT 2021}) 16... Bxf3 $146 ({RR} 16... Nc6 17. Be3 Qd6 18. Nxd5 Nxd5 19. Bd2 Qc5 20. Rc1 Na5 21. Bxa5 Qxa5 22. Qxc4 Bf6 23. b3 g6 24. e4 Nb6 25. Qc5 Qa6 26. Ne5 Bxe5 27. Qxe5 Rc8 28. Rxc8+ Qxc8 29. Qd6 Qb7 30. b4 Kg7 31. b5 {Royal,S (2353)-Hommer,J (2090) Dortmund 2022 1-0 (50)}) ({RR} 16... Nc6 17. Be3 Qb4 18. Nxd5 Nxd5 19. Bd2 Qb3 20. Qxb3 cxb3 21. e4 Nf6 22. e5 Nd5 23. Rc1 Ncb4 24. Bxb4 Nxb4 25. Rc7 Re8 26. Nd2 f6 27. Nxb3 fxe5 28. Nd2 Bd6 29. Rb7 Rb8 30. Rd7 Bc5 31. Bh3 {Meier,G (2595)-Farokhi,K (2359) Karlsruhe GER 2025 1-0 (65)}) ({RR} 16... Nbd7 17. Be3 Qc8 18. Nxd5 exd5 19. Nd4 Bc5 20. Rd1 Rd8 21. Bg5 h6 22. Bf4 Nf8 23. Nf5 Ne6 24. Bh3 Qa6 25. e3 Nxf4 26. gxf4 Qb6 27. Bg2 g6 28. Ng3 Kg7 29. Ne2 Bxe3 30. fxe3 Qxe3+ 31. Kh1 {Banusz,T (2607)-Krassowizkij,J (2458) Austria 2021 ½-½ (35)}) 17. Be3 Qh5 18. Bxf3 Ng4 19. Bxg4 Qxg4 20. Ra7 Bg5 21. Bc5 Rc8 22. Ra8 e5 23. Qe4 Qd7 24. Qxe5 Qd8 25. Qd5 Nd7 26. Rxc8 Qxc8 27. Ne4 Nxc5 28. Nxg5 Ne6 29. Qf5 Qd7 30. Qxh7+ Kf8 31. Qf5 Qd1+ 32. Kg2 Nxg5 33. Qxg5 Qd4 34. f3 f6 35. Qc1 1-0

[Event "18th Agzamov Mem 2025"]
[Site "Tashkent UZB"]
[Date "2025.03.25"]
[Round "6.1"]
[White "Sjugirov, S."]
[Black "Tin, Jingyao"]
[Result "1-0"]
[WhiteElo "2631"]
[BlackElo "2597"]
[PlyCount "119"]
[EventDate "2025.03.20"]

1. Nf3 d5 2. g3 Nf6 3. Bg2 g6 4. c4 c6 5. b3 Bg7 6. Bb2 O-O 7. O-O a5 8. Nc3 Bf5 9. d3 Na6 10. cxd5 cxd5 ({RR} 10... Nxd5 11. Qd2 Nxc3 12. Bxc3 Bxc3 13. Qxc3 Nc7 14. Rfc1 Qd6 15. Qb2 Rfd8 16. Rc4 Qf6 17. Qxf6 exf6 18. Nd2 Be6 19. Rcc1 a4 20. b4 a3 21. Nc4 Ra4 22. Rab1 Rd4 23. Bf1 Bxc4 24. Rxc4 Rxc4 25. dxc4 {Fantinel,T (2411)-Ornolfsson,M (2174) Reykjavik ISL 2025 ½-½ (32)}) 11. Qd2 Nc5 $146 ({RR} 11... Nb4 12. Rfc1 Rc8 13. Nd4 Bd7 14. a3 Nc6 15. Na4 e6 16. Nc5 Nxd4 17. Bxd4 Bc6 18. Qb2 Ne8 19. Bxg7 Nxg7 20. b4 Qb6 21. Bh3 axb4 22. Qxb4 Qa7 23. Rab1 Ra8 24. Rc3 Rfc8 25. Qd4 Qa5 26. Rb4 {Flesch,J-Marszalek,R Zalaegerszeg 1969 1-0 (61)}) ({RR} 11... Nb4 12. Na4 Rc8 13. Nd4 Bd7 14. a3 Na6 15. Rac1 Bxa4 16. Rxc8 Qxc8 17. bxa4 b6 18. Rc1 Qd7 19. Qc2 Nc5 20. Nb5 Qf5 21. h3 h5 22. Bc3 Rc8 23. Bxf6 Bxf6 24. d4 Qg5 25. h4 Qg4 26. Bf3 {Forintos,G (2445)-Kaposztas,M (2260) Hungary 1994 1-0 (44)}) 12. Rac1 Rc8 13. Nb5 b6 14. Nbd4 Bd7 15. Ne5 Qc7 16. Ndf3 Qb7 17. Rc2 Na6 18. Nxd7 Qxd7 19. Rfc1 Nb4 20. Rxc8 Rxc8 21. Ne5 Qe6 22. Rxc8+ Qxc8 23. a3 Nc6 24. Qc1 Na7 25. Qxc8+ Nxc8 26. Nc6 e6 27. e4 dxe4 28. dxe4 Nd7 29. e5 Kf8 30. f4 Ke8 31. Kf1 Ne7 32. Nd4 Nf5 33. Nxf5 gxf5 34. Bc6 Bf8 35. Ke2 Bc5 36. h3 Ke7 37. g4 Nf8 38. Kf3 Ng6 39. Bb5 Nh4+ 40. Kg3 Ng6 41. Bc1 fxg4 42. hxg4 f6 43. exf6+ Kxf6 44. Bd3 h6 45. Kf3 Ne7 46. Bb2+ Kf7 47. Bc4 Nd5 48. f5 Nc7 49. a4 Ke7 50. Be5 Kd7 51. fxe6+ Nxe6 52. Bxe6+ Kxe6 53. Bg7 Kd5 54. Bxh6 Ba3 55. Be3 Kc6 56. g5 b5 57. Ke4 bxa4 58. bxa4 Kd6 59. Kf5 Ke7 60. Bd2 1-0

[Event "18th Agzamov Mem 2025"]
[Site "Tashkent UZB"]
[Date "2025.03.28"]
[Round "9.1"]
[White "Nihal, Sarin"]
[Black "Tin, Jingyao"]
[Result "1-0"]
[WhiteElo "2687"]
[BlackElo "2597"]
[PlyCount "96"]
[EventDate "2025.03.20"]

1. Nf3 d5 2. e3 Nf6 3. b3 Bf5 4. Be2 h6 5. Ba3 Nbd7 6. c4 e6 7. Bxf8 Nxf8 8. Nc3 N8d7 9. cxd5 exd5 10. b4 c6 11. O-O O-O 12. Qb3 Bg4 13. Nd4 $146 ({RR} 13. d4 Ne4 14. Rfd1 b5 15. h3 Bh5 16. a4 a6 17. axb5 axb5 18. Rxa8 Qxa8 19. Ne5 Nxc3 20. Bxh5 Nxe5 21. Qxc3 Nc4 22. Ra1 Qb7 23. Ra2 Ra8 24. Qa1 Rxa2 25. Qxa2 g6 26. Bf3 Kg7 27. Qa1 Qe7 {Kiremitciyan,A (2281)-Karaoglan,K (2274) Denizli TUR 2024 ½-½ (49)}) ({RR} 13. d4 Ne4 14. Rfd1 b5 15. h3 Bh5 16. a4 a6 17. axb5 axb5 18. Rxa8 Qxa8 19. Ne5 Nxc3 20. Bxh5 Nxe5 21. Qxc3 Nc4 22. Ra1 Qb7 23. Ra2 Ra8 24. Qa1 Rxa2 25. Qxa2 g6 26. Bf3 Kg7 27. Qa1 Qe7 {Kiremitciyan,A (2281)-Karaoglan,K (2274) Denizli TUR 2024 ½-½ (49)}) 13... Bxe2 14. Ncxe2 Ne4 15. Qc2 Rc8 16. d3 Nd6 17. Rfc1 Re8 18. Qd2 Nf8 19. Rc2 Ne6 20. Rac1 Nxd4 21. Nxd4 Qf6 22. b5 cxb5 23. Rxc8 Rxc8 24. Rxc8+ Nxc8 25. Qc1 Ne7 26. Nxb5 Qa6 27. Qb1 Qb6 28. Qb3 a6 29. Nd4 Qxb3 30. Nxb3 b6 31. Nd4 Kf8 32. g4 Ke8 33. h4 g6 34. Kg2 Kd7 35. h5 gxh5 36. gxh5 b5 37. Kg3 b4 38. Kf4 a5 39. Nb3 Nc6 40. Nc5+ Ke7 41. Kf5 d4 42. e4 Kd6 43. Na4 Ne5 44. Nb2 Nf3 45. Nc4+ Kd7 46. Nxa5 Ne1 47. Nb3 Nxd3 48. f4 Kd6 1-0

[Event "62nd TCh-DEN Ex 2024-25"]
[Site "Denmark DEN"]
[Date "2025.03.30"]
[Round "9.1"]
[White "Bjerre, Jonas Buhl"]
[Black "Grandelius, N."]
[Result "1-0"]
[WhiteElo "2637"]
[BlackElo "2644"]
[PlyCount "107"]
[EventDate "2024.11.02"]
[EventType "team-tourn"]
[WhiteTeam "Skanderborg"]
[BlackTeam "Hillerod 1"]

1. Nf3 Nf6 2. g3 c5 3. Bg2 Nc6 4. c4 d5 5. cxd5 Nxd5 6. Nc3 Nxc3 7. bxc3 e5 8. d3 Be7 9. O-O O-O 10. Rb1 ({RR} 10. a4 Be6 11. Nd2 Na5 12. Qc2 Rc8 13. Nc4 Nxc4 14. dxc4 Rc7 15. Qb3 b6 16. a5 Rd7 17. axb6 Qxb6 18. Qa2 Rfd8 19. Be3 a5 20. Bd5 Bxd5 21. cxd5 Rxd5 22. Qxa5 Qb3 23. Qc7 Bf8 24. Ra7 Rd1 {Praggnanandhaa,R (2690)-Paravyan,D (2586) chess.com INT 2023 ½-½ (61)}) 10... Rb8 ({RR} 10... Qc7 11. Bg5 Be6 12. Bxe7 Qxe7 13. Qa4 Rab8 14. Nd2 Bd7 15. Qa3 b5 16. Nb3 b4 17. cxb4 cxb4 18. Qb2 Rfd8 19. e3 Qd6 20. Rfc1 Ne7 21. Rc5 Ng6 22. d4 exd4 23. Qxd4 Qe7 24. Rc7 Qe8 25. Qxa7 {Quintin Navarro,A (2371)-Midoux,S (2123) Seville ESP 2024 ½-½ (43)}) 11. Nd2 Be6 12. Nc4 f6 $146 ({RR} 12... Bd5 13. Bxd5 Qxd5 14. e4 Qd7 15. Ne3 Rfd8 16. Nd5 b5 17. f4 Bd6 18. fxe5 Bxe5 19. Be3 Ne7 20. c4 bxc4 21. dxc4 Rxb1 22. Qxb1 Bd4 23. Bxd4 cxd4 {½-½ (23) Varela,G (2283)-Uribe,M (2208) Matinhos 1999}) 13. f4 Qd7 14. fxe5 fxe5 15. Rxf8+ Rxf8 16. Qa4 a6 17. Nb6 Qe8 18. Be3 Qh5 19. Qc2 Qf7 20. Rf1 Qe8 21. Rxf8+ Bxf8 22. Qa4 h6 23. Qe4 Qf7 24. g4 Qc7 25. Nd5 Qf7 26. h4 Bd6 27. Nb6 Be7 28. h5 Bf8 29. Nc4 Qf6 30. Bf3 Bf7 31. Nd2 Qe6 32. c4 Bd6 33. Nf1 Qd7 34. Ng3 Bf8 35. Nf5 Be6 36. Nh4 Qd8 37. Ng6 Bd6 38. Bf2 Qa5 39. g5 hxg5 40. Bg4 Bf7 41. Qf5 Qd8 42. Bf3 Qc7 43. h6 Nd8 44. Be4 gxh6 45. Qf6 Bxg6 46. Qxg6+ Kf8 47. Qxh6+ Ke8 48. Qg6+ Kd7 49. Qf5+ Ke8 50. Qxg5 Qe7 51. Qg4 Qe6 52. Bf5 Qh6 53. Bh4 Qf4 54. Bg6+ 1-0

[Event "TCh-CZE Extraliga 2024-25"]
[Site "Czech Republic CZE"]
[Date "2025.03.28"]
[Round "9.2"]
[White "Korobov, A."]
[Black "Nasuta, G."]
[Result "1-0"]
[WhiteElo "2636"]
[BlackElo "2543"]
[PlyCount "129"]
[EventDate "2024.11.02"]
[WhiteTeam "BSS Frydek-Mistek"]
[BlackTeam "SK Slavoj Poruba"]

1. Nf3 d5 2. g3 Bg4 3. Bg2 e6 4. O-O Nf6 5. c4 c6 6. d4 Nbd7 7. cxd5 exd5 8. h3 ({RR} 8. Nc3 Bd6 9. Nh4 Nb6 10. f3 Be6 11. e4 Be7 12. e5 Nfd7 13. f4 Bxh4 14. f5 Bxf5 15. Rxf5 Be7 16. Qg4 g6 17. Rf2 O-O 18. Bh6 f5 19. Qh3 Re8 20. g4 f4 21. Ne2 Bh4 22. Rxf4 Bg5 {Grischuk,A (2771)-Postny,E (2615) St Petersburg 2018 1-0}) 8... Bh5 9. Nh4 $146 ({RR} 9. Bf4 Be7 10. Nc3 O-O 11. a3 Re8 12. Qd2 Bf8 13. Rfe1 Ne4 14. Nxe4 dxe4 15. Nh2 Nb6 16. g4 Bg6 17. Nf1 Nd5 18. Bg3 h5 19. Ne3 hxg4 20. Nxd5 Qxd5 21. hxg4 Rad8 22. Rad1 Qe6 23. f3 Bd6 {Olenik Campa,R (2245)-Cvitan,O (2470) Cattolica 2021 0-1}) ({RR} 9. Qb3 Qb6 10. Qe3+ Be7 11. Nc3 Nf8 12. g4 Bg6 13. Ne5 Ne6 14. Rd1 O-O-O 15. Nxg6 hxg6 16. a4 Bd6 17. Qf3 g5 18. a5 Qc7 19. a6 b6 20. e4 dxe4 21. Nxe4 Nxe4 22. Qxe4 Nf4 23. Bxf4 Bxf4 {Kosteniuk,A (2501)-Martin,L (2076) chess.com INT 2024 1-0 (47)}) ({RR} 9. Qb3 Qb6 10. Qe3+ Be7 11. Nh4 Bg6 12. g4 Bxb1 13. Rxb1 Kf8 14. Nf5 Re8 15. b3 h5 16. Nxe7 Rxe7 17. Ba3 c5 18. dxc5 Qc6 19. Qf3 hxg4 20. hxg4 Ne4 21. Rfd1 Ne5 22. Qf4 g5 23. Qf5 Qh6 {Kovacs,K (2121)-Sabar,E (2040) chess.com INT 2023 1-0}) 9... Bg6 10. Nc3 Be7 11. Nxg6 hxg6 12. h4 O-O 13. Rb1 Re8 14. b4 b5 15. e4 dxe4 16. Nxe4 Nd5 17. a3 a5 18. bxa5 Rxa5 19. Rb3 N7f6 20. Ng5 Ra4 21. Qd3 Qb6 22. Rd1 Qa7 23. Bb2 Ra8 24. Rc1 Bxa3 25. Rxa3 Rxa3 26. Qxa3 Qxa3 27. Bxa3 Rxa3 28. Rxc6 Ra1+ 29. Bf1 Kf8 30. Rc5 b4 31. Rb5 Rc1 32. Kg2 Ke7 33. Be2 Rc6 34. Bd1 Rb6 35. Rxb6 Nxb6 36. Bb3 Nfd5 37. Kf3 f6 38. Ne4 Nc7 39. Ke3 Ncd5+ 40. Kd3 Nc7 41. Nc5 f5 42. Kd2 Kf6 43. Nd3 g5 44. Nxb4 f4 45. h5 fxg3 46. fxg3 Kf5 47. Nc6 Kg4 48. Ne7 Kxh5 49. Ke3 Nb5 50. Be6 g4 51. Ke4 Kg5 52. Ke5 Nc3 53. d5 Nbxd5 54. Bxd5 Ne2 55. Nf5 g6 56. Bc4 Ng1 57. Nd6 Nf3+ 58. Ke6 Nd4+ 59. Kd5 Nc2 60. Ke5 Ne3 61. Bd3 Ng2 62. Nf7+ Kh5 63. Kf6 Nh4 64. Ne5 g5 65. Bg6+ 1-0

[Event "Titled Tue 25th Mar Early"]
[Site "chess.com INT"]
[Date "2025.03.25"]
[Round "9"]
[White "Le, Quang Liem"]
[Black "Gajewski, G."]
[Result "1-0"]
[WhiteElo "2739"]
[BlackElo "2547"]
[PlyCount "57"]
[EventDate "2025.03.25"]

1. Nf3 d5 2. e3 Nf6 3. c4 e6 4. Nc3 Bd6 5. b3 O-O 6. Bb2 Re8 7. Rc1 a6 8. cxd5 ({RR} 8. d4 b6 9. cxd5 exd5 10. Bd3 Bb7 11. O-O Nbd7 12. Ne2 Ne4 13. Ng3 g6 14. Rc2 h5 15. Ne2 Qe7 16. Qa1 Rac8 17. Nf4 h4 18. h3 g5 19. Ne2 f6 20. a4 a5 21. Nc3 Nf8 22. Nd2 Kg7 {Povshednyi,I (2685)-Oparin,G (2971) Chess.com 2024 0-1 (45)}) ({RR} 8. d4 b6 9. Bd3 Bb7 10. O-O Nbd7 11. Ne2 dxc4 12. Bxc4 b5 13. Bd3 c5 14. dxc5 Bxc5 15. Ng3 Qe7 16. Qc2 Rac8 17. Qb1 h6 18. Ne4 Bxe4 19. Bxe4 Ba3 20. Bb7 Rb8 21. Bc6 Rec8 22. Bxd7 Nxd7 {Grebnev,A (2532)-Svane,R (2635) chess.com INT 2024 1-0 (64)}) 8... exd5 9. g3 $146 ({RR} 9. Ne2 c5 10. g3 Bf5 11. Bg2 Bd3 12. Nf4 Bxf4 13. gxf4 Nc6 14. Rxc5 Ne4 15. Rxc6 bxc6 16. Ne5 Rxe5 17. Bxe5 Qh4 18. Qf3 f6 19. Bb2 Re8 20. Bf1 Nxd2 21. Kxd2 Be4 22. Qg3 Qxg3 23. hxg3 Bxh1 {Petrosyan,M (2619)-Sargsyan,S (2634) Samarkand UZB 2023 0-1 (57)}) ({RR} 9. Ne2 c5 10. g3 Bf5 11. Bg2 Bd3 12. Nf4 Bxf4 13. gxf4 Nc6 14. Rxc5 Ne4 15. Rxc6 bxc6 16. Ne5 Rxe5 17. Bxe5 Qh4 18. Qf3 f6 19. Bb2 Re8 20. Bf1 Nxd2 21. Kxd2 Be4 22. Qg3 Qxg3 23. hxg3 Bxh1 {Petrosyan,M (2619)-Sargsyan,S (2634) Samarkand UZB 2023 0-1 (57)}) 9... Bf5 10. Ne2 Nc6 11. a3 Qe7 12. b4 a5 13. b5 Ne5 14. Nxe5 Bxe5 15. Bxe5 Qxe5 16. Bg2 Bd3 17. Qb3 Bc4 18. Qc3 Qf5 19. Nd4 Qg6 20. f3 Nd7 21. Kf2 Nc5 22. Bf1 Bxf1 23. Qxc5 Bc4 24. Rc3 Rac8 25. Rd1 Red8 26. d3 Qh6 27. h4 b6 28. Qc6 Qd6 29. dxc4 1-0

[Event "Titled Tue 25th Mar Early"]
[Site "chess.com INT"]
[Date "2025.03.25"]
[Round "10"]
[White "Aravindh, Chithambaram VR."]
[Black "Le, Quang Liem"]
[Result "1-0"]
[WhiteElo "2731"]
[BlackElo "2739"]
[PlyCount "103"]
[EventDate "2025.03.25"]

1. Nf3 Nf6 2. e3 d5 3. c4 e6 4. b3 Bd6 5. Bb2 O-O 6. Qc2 ({RR} 6. Nc3 b6 7. Qc2 c6 8. Be2 Bb7 9. cxd5 exd5 10. O-O Nbd7 11. Rac1 Re8 12. Rfd1 Nc5 13. d3 Rc8 14. b4 Ne6 15. Qb3 Qe7 16. a3 c5 17. bxc5 bxc5 18. Nb5 Bb8 19. Bxf6 gxf6 20. Rb1 Bc6 {So,W (2812)-Caruana,F (2808) Paris 2017 0-1 (59)}) 6... Nc6 ({RR} 6... c5 7. Nc3 Nc6 8. g4 d4 9. Ne2 Nb4 10. Qb1 d3 11. Nc1 Nc2+ 12. Kd1 Nxa1 13. Qxa1 Ne4 14. Nxd3 f6 15. h4 e5 16. g5 Bg4 17. Be2 Bc7 18. Rg1 Bxf3 19. Bxf3 Qxd3 {0-1 (19) Stamatiou,R (2274)-Povshednyi,I (2291) chess.com INT 2025}) 7. a3 Re8 $146 ({RR} 7... e5 8. c5 e4 9. cxd6 exf3 10. dxc7 Qxc7 11. Bxf6 fxg2 12. Bxg2 gxf6 13. Bxd5 Qe5 14. Nc3 Bf5 15. Be4 Bg6 16. Bxg6 fxg6 17. Qe4 Qc7 18. Qe6+ Kg7 19. O-O Rae8 20. Qc4 Re5 21. f4 Rh5 22. Rf2 {Hansen,R (1768)-Kristoffersen,J (1355) Sandefjord 2005 ½-½ (44)}) 8. g4 e5 9. g5 Bg4 10. Be2 e4 11. gxf6 exf3 12. Rg1 Be5 13. Rxg4 g6 14. cxd5 Bxb2 15. Qxb2 Ne5 16. Re4 Qxf6 17. d4 Nd7 18. Bd3 Nc5 19. Rxe8+ Rxe8 20. Kd2 Nxd3 21. Kxd3 Qa6+ 22. Kc3 Qa5+ 23. b4 Qxd5 24. Nd2 Re6 25. Qb3 Rc6+ 26. Kb2 Qh5 27. Rc1 Qxh2 28. Rxc6 bxc6 29. Qd1 Qxf2 30. Kc2 Qxe3 31. Qxf3 Qxd4 32. Qxc6 Qb6 33. Qe8+ Kg7 34. Qe5+ Qf6 35. Qxc7 h5 36. Qxa7 h4 37. Qe3 Qf5+ 38. Kd1 h3 39. Nf3 Qg4 40. Ke1 Qg3+ 41. Qf2 Qf4 42. Kf1 g5 43. Qd4+ Qxd4 44. Nxd4 g4 45. b5 Kf6 46. b6 Ke5 47. b7 Kxd4 48. b8=Q Ke4 49. Qg3 f5 50. Kf2 Kd5 51. Ke3 Ke6 52. Kf4 1-0

[Event "TCh-AUT 2024-25"]
[Site "Austria AUT"]
[Date "2025.04.05"]
[Round "10.25"]
[White "Saric, Iv"]
[Black "Dragnev, Valentin"]
[Result "1-0"]
[WhiteElo "2659"]
[BlackElo "2538"]
[PlyCount "81"]
[EventDate "2024.10.09"]
[EventType "team"]
[WhiteTeam "SV - Das Wien - St. Veit"]
[BlackTeam "1. SK Ottakring"]

1. Nf3 d5 2. g3 Nc6 3. d4 Bf5 4. Bg2 Nb4 5. Na3 e6 6. O-O Be7 7. c3 Nc6 8. Nc2 Be4 ({RR} 8... h5 9. h4 Nf6 10. c4 Be4 11. b3 Ng4 12. Ng5 Bxg2 13. Kxg2 Qd7 14. Qd3 a5 15. e4 dxc4 16. bxc4 Bxg5 17. hxg5 O-O-O 18. Bb2 h4 19. gxh4 Nge5 20. Qg3 Nxc4 21. Bc3 f5 22. f3 e5 23. d5 {Jumabayev,R (2573)-Niemann,H (2734) New York USA 2024 0-1}) 9. Nce1 Nf6 10. Nd3 ({RR} 10. Bg5 O-O 11. Rc1 h6 12. Bxf6 Bxf6 13. Nd3 b6 14. b4 Qd6 15. e3 Rad8 16. Qe2 Bxd3 17. Qxd3 e5 18. Qa6 Rfe8 19. a3 h5 20. Rfd1 h4 21. dxe5 Nxe5 22. Nxe5 Qxe5 23. Qxa7 hxg3 24. hxg3 Ra8 {Kozul,Z (2515)-Voigt,M (2316) Hamburg GER 2025 ½-½ (43)}) 10... h6 $146 ({RR} 10... O-O 11. Re1 a5 12. a4 h6 13. Bf4 Re8 14. Bf1 Bd6 15. Nfe5 Bxe5 16. Nxe5 Nxe5 17. Bxe5 Nd7 18. Bf4 e5 19. dxe5 Nxe5 20. f3 Bg6 21. Qd4 Qd6 22. Red1 Rad8 23. b4 axb4 24. cxb4 Qe7 25. Bxe5 {Stojic,D (2234)-Liu,Y (2267) Gold Coast AUS 2023 ½-½ (35)}) ({RR} 10... O-O 11. Re1 a5 12. a4 h6 13. Bf4 Re8 14. Bf1 Bd6 15. Nfe5 Bxe5 16. Nxe5 Nxe5 17. Bxe5 Nd7 18. Bf4 e5 19. dxe5 Nxe5 20. f3 Bg6 21. Qd4 Qd6 22. Red1 Rad8 23. b4 axb4 24. cxb4 Qe7 25. Bxe5 {Stojic,D (2234)-Liu,Y (2267) Gold Coast AUS 2023 ½-½ (35)}) 11. b4 a5 12. b5 Na7 13. a4 b6 14. Qb3 O-O 15. Nfe5 Qc8 16. f3 Bh7 17. c4 c6 18. cxd5 cxd5 19. Bf4 g5 20. Be3 Qb7 21. h4 Nd7 22. hxg5 hxg5 23. f4 f6 24. Nxd7 Qxd7 25. fxg5 fxg5 26. Ne5 Qd6 27. Rac1 Rxf1+ 28. Rxf1 Rf8 29. Rxf8+ Kxf8 30. Qd1 Kg7 31. Qf1 Bf6 32. Qc1 Bf5 33. Bxg5 Bxe5 34. dxe5 Qxe5 35. Bh4 Qxe2 36. Qg5+ Kh7 37. Qe7+ Kh6 38. Bg5+ Kh5 39. Qg7 Bg6 40. Qh6+ Kg4 41. Qh4+ 1-0

[Event "Titled Tue 1st Apr Early"]
[Site "chess.com INT"]
[Date "2025.04.01"]
[Round "5"]
[White "Pranav, V."]
[Black "Sokolovsky, Yahli"]
[Result "1-0"]
[WhiteElo "2615"]
[BlackElo "2545"]
[PlyCount "43"]
[EventDate "2025.04.01"]

1. Nf3 f5 2. d3 Nc6 3. e4 e5 4. Nc3 Nf6 5. Bg5 Bb4 6. exf5 d5 7. d4 exd4 ({RR} 7... e4 8. Ne5 O-O 9. Bb5 Ne7 10. g4 c6 11. Be2 Bd6 12. f4 exf3 13. Bxf3 Qb6 14. Na4 Qa5+ 15. c3 Qc7 16. Qe2 Re8 17. O-O-O Qa5 18. Nc5 Qxa2 19. Bxf6 gxf6 20. Ned7 Bxd7 21. Nxd7 Nxf5 22. Nxf6+ {Naroditsky,D (2622)-Nakamura,H (2802) Chess.com INT 2015 0-1 (44)}) 8. Nxd4 Qe7+ 9. Be2 Nxd4 $146 ({RR} 9... O-O 10. Nxc6 bxc6 11. O-O Bxf5 12. Bd3 Qd7 13. Ne2 Bd6 14. Bf4 Rab8 15. b3 Ne4 16. Bxd6 cxd6 17. Ng3 Bg4 18. f3 Nxg3 19. hxg3 Be6 20. Qd2 d4 21. Rae1 c5 22. Re2 Rfe8 23. Rfe1 Bf7 24. Qf4 {Semcesen,D (2402)-Berg,E (2623) Denmark 2008 ½-½}) 10. Qxd4 c5 11. Qh4 d4 12. O-O dxc3 13. Bb5+ Kd8 14. Rad1+ Kc7 15. a3 Qe4 16. Qg3+ Kb6 17. Bd3 Qc6 18. axb4 a6 19. Be3 Nd7 20. bxc3 Ka7 21. Be2 b6 22. Bf3 1-0

[Event "Titled Tue 1st Apr Early"]
[Site "chess.com INT"]
[Date "2025.04.01"]
[Round "6"]
[White "Theodorou, Nikolas"]
[Black "Sychev, K."]
[Result "1-0"]
[WhiteElo "2611"]
[BlackElo "2542"]
[PlyCount "61"]
[EventDate "2025.04.01"]

1. Nf3 Nf6 2. b3 d5 3. Bb2 Bf5 4. g3 e6 5. Bg2 h6 6. O-O Be7 7. d3 O-O 8. Nc3 Bh7 9. e4 c6 10. Nd2 a5 11. Kh1 b5 $146 ({RR} 11... dxe4 12. dxe4 Na6 13. a3 Nc5 14. Qe2 Qb6 15. f4 Rad8 16. Nc4 Qc7 17. a4 Rd4 18. e5 Nd5 19. Nxd5 Rxd5 20. Bxd5 cxd5 21. Nd6 Ne4 22. f5 Nxd6 23. exd6 Bxd6 24. g4 Qc6 25. Qg2 Rd8 26. Rae1 {Theodorou,N (2619)-Sattarov,B (2353) chess.com INT 2023 1-0 (37)}) ({RR} 11... Na6 12. f4 b5 13. a4 b4 14. Na2 Rc8 15. Qe2 c5 16. Rae1 Nb8 17. Nc1 Nc6 18. Qf2 Nd4 19. Nf3 dxe4 20. Nxd4 cxd4 21. dxe4 Ng4 22. Qxd4 Qxd4 23. Bxd4 Rxc2 24. h3 Nf6 25. Bb6 Rb8 26. Bxa5 {Theodorou,N (2611)-Kosakowski,J (2511) chess.com INT 2025 0-1 (80)}) ({RR} 11... dxe4 12. dxe4 Na6 13. a3 Nc5 14. Qe2 Qb6 15. f4 Rad8 16. Nc4 Qc7 17. a4 Rd4 18. e5 Nd5 19. Nxd5 Rxd5 20. Bxd5 cxd5 21. Nd6 Ne4 22. f5 Nxd6 23. exd6 Bxd6 24. g4 Qc6 25. Qg2 Rd8 26. Rae1 {Theodorou,N (2619)-Sattarov,B (2353) chess.com INT 2023 1-0 (37)}) 12. a4 b4 13. Ne2 Na6 14. e5 Nd7 15. f4 c5 16. g4 Rc8 17. f5 Qc7 18. Nf4 Qb6 19. Nf3 Nc7 20. f6 gxf6 21. Nh5 f5 22. Qd2 fxg4 23. Qxh6 Ne8 24. Ng5 Bxg5 25. Qxg5+ Kh8 26. Bxd5 exd5 27. e6+ d4 28. exd7 Qb7+ 29. Kg1 Qxd7 30. Rae1 Rg8 31. Rxe8 1-0